1124 1541 1956 1327 1409 1203 1813 1396 1025 1361 1480 1815 1403 1113 1196 1179 1278 1414 1472 1461 1499 1038 1135 1153 1842 1821 1503 1692 1424 1673 1784 1942 1573 1296 1097 1927 1420 1909 1400 1718 1576 1564 1174 1985 1060 1219 1510 1907 1517 1128 1960 1211 1019 1936 1181 1661 1191 1836 1480 1964 1478 1384 1344 1072 1494 1476 1255 1834 1808 1694 1423 1747 1579 1981 1403 1598 1127 1870 1274 1332 1141 1221 1496 1672 1825 1293 1719 1862 1623 1355 1787 1907 1937 1385 1717 1979 1526 1256 1255 BCNSPRNW ULIB Ver.6.0+V

เปลี่ยนเป็นภาษาไทย

Change to English
 แสดงรายละเอียดบรรณานุกรม
  กลับหน้าหลัก

Brief Record : Get Marc (ISO 2709) : E-mail record : QR code < ปิดหน้าต่าง
LEADER : 00000nam 2200000uu 4500
001    13399112554
003     ULIB
008    110824s2553||||th 000 0 tha d
020    9786165512435
060 04 WO700^bF935 2553
245 00 Frontier in wound care /^cบรรณาธิการ, พรอนงค์ อร่ามวิทย์,พรพรหม เมืองแมน
250    พิมพ์ครั้งที่ 1
260    กรุงเทพฯ :^bชมรมสมานแผลแห่งประเทศไทย,^c2553
300    258 หน้า :^bภาพประกอบ ;^c26 ซม.
650  4 บาดแผล^xการรักษา
650  4 บาดแผลและบาดเจ็บ^xศัลยกรรม
700 0  พรอนงค์ อร่ามวิทย์,^eบรรณาธิการ
700 0  พรพรหม เมืองแมน,^eบรรณาธิการ
710 2  ชมรมสมานแผลแห่งประเทศไทย
945    ^p485^l0^i18529
945    ^p485^l0^i18530
995     กัณชพร
999    ^aใช้งานได้ทุกระบบ
รายการนี้ยังไม่มีแท็ก
คุณยังไม่ได้ล็อกอิน คุณสามารถมีกิจกรรมร่วมกับเว็บไซต์ได้ แต่ต้องล็อกอินก่อน ::
  ล็อกอิน

รายการสื่อสารสนเทศ

ลำดับที่ ประเภท เลขเรียก/บาร์โค้ด สถานที่ สถานะ
1. วิทยาศาสตร์การแพทย์ และสุขภาพ
วิทยาศาสตร์การแพทย์ และสุขภาพ
สถานะ=หนังสือเก่า
WO700 F935 2553  
  Barcode: 18529
ห้องสมุดวิทยาเขตนครสวรรค์
►ส่วนจัดเก็บหนังสือเก่า นว.
บนชั้น
  ขอยืม
2. วิทยาศาสตร์การแพทย์ และสุขภาพ
วิทยาศาสตร์การแพทย์ และสุขภาพ
สถานะ=หนังสือเก่า
WO700 F935 2553 ฉ.2 
  Barcode: 18530
ห้องสมุดวิทยาเขตนครสวรรค์
►ส่วนจัดเก็บหนังสือเก่า นว.
บนชั้น
  ขอยืม

รายการใกล้เคียง
    หัวเรื่อง [บาดแผลและบาดเจ็บ ศัลยกรรม]

BibComment


ยังไม่เคยถูกคอมเมนท์

คอมเมนท์ทรัพยากรรายการนี้
  คอมเมนท์: Frontier in wound..


 Copyright 2026. Bcnsprnw @Library